000 00250nam a2200097Ia 4500
001 692307
005 20250826161852.0
008 250824s9999 xx 000 0 und d
245 0 _aKAZAKLAR (ANTİK YENİ)
_cTOLSTOY
260 _bANTİK DÜNYA KLASİKLERİ
999 _c692307
_d692307